000 01396cam a2200157 4500500
005 20260329011745.0
041 _afre
042 _adc
100 1 0 _aGiuliani, Charles-Antoine
_eauthor
245 0 0 _aActivity in the United States Is Now as Stable as in the Eurozone
260 _c2005.
500 _a92
520 _aThe reduction in the distortions to trade launched in 1992 and 1999 led the EU’s Common Agricultural Policy (CAP) to systematize the uncoupling of agricultural subsidies from agricultural production. This analysis focuses on the price effect and makes it possible to assess the expected advantages to society by means of model simulations under an assumption of constant European budgetary expenditure. Depending on the level of the uncoupling premium offered in substitution for existing subsidies, we note a change in the numbers of “losers” and “winners,” their location, and variation in surpluses, with the benefit to producers and taxpayers unchanged at €1.8 billion for the 15-member EU compared with Agenda 2000. This amount would be €0.8 billion in the case of partial uncoupling similar to that contained in the 2003 Luxembourg Agreement.
786 0 _nEconomie & prévision | o 167 | 1 | 2005-03-01 | p. 133-139 | 0249-4744
856 4 1 _uhttps://shs.cairn.info/journal-economie-et-prevision-1-2005-1-page-133?lang=en&redirect-ssocas=7080
999 _c1864697
_d1864697